Normal view
MARC view
- الحجاوي، طلال محمد علي؛ م.مشارك عبد الكريم محمد سلمان البقاوي
Entry Personal Name
001 - CONTROL NUMBER
- control field: 61584
003 - CONTROL NUMBER IDENTIFIER
- control field: JO-AjAnu
005 - DATE AND TIME OF LATEST TRANSACTION
- control field: 20230606084049.0
008 - FIXED-LENGTH DATA ELEMENTS
- fixed length control field: 230606|| aca||aabn | a|a d
040 ## - CATALOGING SOURCE
- Original cataloging agency: JO-AjAnu
- Transcribing agency: JO-AjAnu
100 ## - HEADING--PERSONAL NAME
- Personal name: الحجاوي، طلال محمد علي؛ م.مشارك عبد الكريم محمد سلمان البقاوي
670 ## - SOURCE DATA FOUND
- Source citation: Work cat.: (JO-AjAnu)31412: الحجاوي، طلال محمد علي؛ م.مشارك عبد الكريم محمد سلمان البقاوي, author, مراقب الحسابات ودورة في التحقق من الخصائص النوعية للمعلومات المحاسبية